1352 1755 1566 1746 1398 1862 1678 1304 1974 1058 1848 1416 1816 1397 1152 1992 1208 1790 1625 1511 1028 1010 1045 1603 1227 1115 1478 1563 1467 1089 1122 1123 1828 1103 1448 1476 1988 1182 1801 1051 1446 1103 1699 1219 1626 1785 1389 1078 1821 1670 1797 1745 1631 1818 1712 1460 1035 1083 1229 1900 1611 1604 1593 1217 1865 1682 1031 1447 1353 1094 1132 1223 1117 1903 1609 1202 1487 1219 1489 1493 1323 1015 1601 1018 1726 1018 1667 1026 1548 1131 1733 1376 1140 1299 1031 1983 1968 1710 1460 BCNSPRNW ULIB Ver.6.0+V

เปลี่ยนเป็นภาษาไทย

Change to English
 แสดงรายละเอียดบรรณานุกรม
  กลับหน้าหลัก

Brief Record : Get Marc (ISO 2709) : E-mail record : QR code < ปิดหน้าต่าง
LEADER : 00000nam 2200000uu 4500
001    13399114542
003     ULIB
008    120412s2553||||th 000 0 tha d
020    ^a9786167081649
090    ^aนว.^bพ733บ 2553
100 0  ^aพิริสา
245 00 ^aบำเรอรักบำบัดแค้น/^cพิริสา
250    ^aพิมพ์ครั้งที่ 1
260    ^aกรุงเทพฯ :^bSmart book,^c2553
300    ^a256 หน้า
945    ^p200^l0^i17061
995    ^aกัณชพร
999    ^aใช้งานได้ทุกระบบ
รายการนี้ยังไม่มีแท็ก
คุณยังไม่ได้ล็อกอิน คุณสามารถมีกิจกรรมร่วมกับเว็บไซต์ได้ แต่ต้องล็อกอินก่อน ::
  ล็อกอิน

รายการสื่อสารสนเทศ

ลำดับที่ ประเภท เลขเรียก/บาร์โค้ด สถานที่ สถานะ
1. นวนิยาย
นวนิยาย
นว. พ733บ 2553  
  Barcode: 17061
ห้องสมุดวิทยาเขตสวรรค์ประชารักษ์
►นวนิยาย
บนชั้น
  ขอยืม

BibComment


ยังไม่เคยถูกคอมเมนท์

คอมเมนท์ทรัพยากรรายการนี้
  คอมเมนท์: บำเรอรักบำบัดแค้..


 Copyright 2026. Bcnsprnw @Library